logo

Bir Sreshtho Munshi Abdur Rouf Library
Jhenaidah Cadet College

Principles of civics / (Record no. 7192)

MARC details
000 -LEADER
fixed length control field 00616cam a22002411 4500
001 - CONTROL NUMBER
JCCL Control Number 7192
003 - CONTROL NUMBER IDENTIFIER
JCCL marc code BD-JhCC
005 - DATE AND TIME OF LATEST TRANSACTION
control field 20180422185139.0
008 - FIXED-LENGTH DATA ELEMENTS--GENERAL INFORMATION
fixed length control field 710915s1949 ii b 000 0 eng
035 ## - SYSTEM CONTROL NUMBER
system control number (BD-JhCC)7192
040 ## - CATALOGING SOURCE
Original cataloging agency DLC
Transcribing agency DLC
Modifying agency DLC
-- (BD-JhCC)
041 ## - LANGUAGE CODE
Language code of Book eng
050 00 - LIBRARY OF CONGRESS CALL NUMBER
Classification number H83
Item number .S33
082 ## - DEWEY DECIMAL CLASSIFICATION NUMBER
Author mark and Year HAQ 1965
Classification number 320.473
100 1# - MAIN ENTRY--PERSONAL NAME
Personal name Haq, Md. Sirajul
245 00 - TITLE STATEMENT
Title Principles of civics /
Statement of responsibility, etc Md. Sirajul Haq
260 ## - PUBLICATION, DISTRIBUTION, ETC. (IMPRINT)
Place of publication, distribution, etc Bangalore,
Name of publisher, distributor, etc Krishna Pub. House
Date of publication, distribution, etc [1949]
300 ## - PHYSICAL DESCRIPTION
Pagination ix, 102 p.
Dimensions 19 cm.
504 ## - BIBLIOGRAPHY, ETC. NOTE
Bibliography, etc Bibliographical footnotes.
650 #0 - SUBJECT ADDED ENTRY--TOPICAL TERM
Topical term or geographic name as entry element Civics.
942 ## - ADDED ENTRY ELEMENTS (KOHA)
Source of classification or shelving scheme Dewey Decimal Classification
Koha item type Books
Holdings
Source of classification or shelving scheme Damaged status Not for loan Home library Current library Shelving location Total Checkouts Full call number Barcode Date last seen Copy number Koha item type
Dewey Decimal Classification     JCC Rouf Library JCC Rouf Library General Stacks   320.473 HAQ 1965 8697 02/06/2018 C - 1 Books

JCC Library | Contacts | JCC Home

Last Update on 23 September 2017
Copyright @ 2017-2020 JCC Rouf Library
Rouf Library, Jhenidah Cadet College (JCC), Bangladesh